Catálogo
 En Linea

Conferencias VI y VII acerca del cáncer / (Registro nro. 31693)

Detalles MARC
000 -CABECERA
campo de control de longitud fija 00739nam a2200193 a 4500
001 - NÚMERO DE CONTROL
campo de control 000032202
005 - FECHA Y HORA DE LA ÚLTIMA TRANSACCIÓN
campo de control 20240301141636.0
008 - DATOS DE LONGITUD FIJA--INFORMACIÓN GENERAL
campo de control de longitud fija 110713s1942 dr r 000 0 spa d
040 ## - FUENTE DE LA CATALOGACIÓN
Centro catalogador/agencia de origen DO-SdBNP
Lengua de catalogación spa
Centro/agencia transcriptor BNPHU
082 ## - NÚMERO DE LA CLASIFICACIÓN DECIMAL DEWEY
Número de clasificación 616.994
Número de documento/Ítem M896c
100 1# - ENTRADA PRINCIPAL--NOMBRE DE PERSONA
Nombre de persona Moscoso Puello, F. E.,
Forma completa/desarrollada del nombre (Francisco Eujenio)
Fechas asociadas al nombre 1885-1959
9 (RLIN) 58361
245 10 - MENCIÓN DE TÍTULO
Título Conferencias VI y VII acerca del cáncer /
Mención de responsabilidad, etc. Doctor F. E. Moscoso Puello.
260 ## - PUBLICACIÓN, DISTRIBUCIÓN, ETC.
Lugar de publicación, distribución, etc. Ciudad Trujillo, República Dominicana :
Nombre del editor, distribuidor, etc. Montalvo,
Fecha de publicación, distribución, etc. 1942.
300 ## - DESCRIPCIÓN FÍSICA
Extensión 50 p. ;
Dimensiones 24 cm.
590 ## - NOTA LOCAL (RLIN)
Nota local Inventariado, 2018/MFF
650 #4 - PUNTO DE ACCESO ADICIONAL DE MATERIA--TÉRMINO DE MATERIA
Término de materia o nombre geográfico como elemento de entrada Cáncer
Subdivisión general Diagnóstico
Subdivisión de forma ENSAYOS, CONFERENCIAS, ETC.
9 (RLIN) 58277
650 #4 - PUNTO DE ACCESO ADICIONAL DE MATERIA--TÉRMINO DE MATERIA
Término de materia o nombre geográfico como elemento de entrada Patología celular
Subdivisión de forma ENSAYOS, CONFERENCIAS, ETC.
9 (RLIN) 58278
910 ## - DATOS DE OPCIÓN DEL USUARIO (OCLC)
Datos de opción del usuario Validado. Control de calidad MFF
Existencias
Estado de retiro Estado de pérdida Restricciones de uso No para préstamo Código de colección Localización permanente Ubicación/localización actual Ubicación en estantería Fecha de adquisición Número de inventario Total de préstamos Signatura topográfica completa Código de barras Fecha visto por última vez Precio válido a partir de Tipo de ítem Koha Nota pública Número de copia
      Excluido de préstamo Raros y valiosos Patrimonio Dominicano Patrimonio Dominicano Depósito 13.07.2011 LF1   616.994 M896c 32202-10 25.06.2020 25.06.2020 No se presta Perteneció a la biblioteca personal de Martínez Boog  
      Excluido de préstamo Raros y valiosos Patrimonio Dominicano Patrimonio Dominicano Depósito 13.07.2011 LF1   616.994 M896c 32202-20 25.06.2020 25.06.2020 No se presta Perteneció a la biblioteca personal de Julio Ortega Frier e. 2

Con tecnología Koha